| 000 | 00325 a2200133 4500 | ||
|---|---|---|---|
| 003 | Nust | ||
| 005 | 20170207170500.0 | ||
| 040 | _cNust | ||
| 082 | _a799 | ||
| 245 |
_aMD-Def, JSC-52,Photographs-2015 _bMCS |
||
| 260 |
_aRawalpindi _bMCS _c22-01-2015 |
||
| 650 | _aPictures of MD-Def, JSC-52,Photographs-2015 | ||
| 651 | _aSweet Memories-MCS | ||
| 942 | _cBK | ||
| 999 |
_c215031 _d215031 |
||